00859nam a2200193Ia 4500952010900000999001700109008004100126020001500167050002200182245010500204260003100309300003600340500004700376505013000423519004700553650002900600650002900629942000700658 00104070a11b11d2007-01-08l11oBF721 P44 2000p11 001295r2016-11-19s2016-11-19t1w2012-06-26yLB c69122d69122120626s2000 sp a 000 0 spa d a8480552956 aBF721 bP44 2000  aPedagogía y Psicología infantil (Tomo III)b: Pubertad y adolescencia c/ Publicaciones Cultural aMadridb: Culturalc, 2000 a280 páginasb: ilustraciones  aIncluye: Sumario, Apéndice, Conclusiones aEl niño de 9 y 10 años El niño de 11 y 12 años El niño de 13 y 14 años El adolescente de 15 y 16 años  aMaterial Complementario/ d(11 001295)  0aPSICOLOGÍA xINFANTIL  0aADOLESCENCIAxDESARROLLO cLB